| 000 | 00520nam a22001937a 4500 | ||
|---|---|---|---|
| 003 | OSt | ||
| 005 | 20140310181750.0 | ||
| 008 | 130626t xxu||||| |||| 00| 0 eng d | ||
| 020 | _a9712323994 | ||
| 050 |
_aPL 5517 _b.V761 1998 |
||
| 082 |
_aFIL 372.634 _bV71 1998 |
||
| 100 | _aVillota, Rosana Nazario | ||
| 245 |
_aPagsulong sa pagsulat / _cRosana Nazario Villota. |
||
| 260 |
_aManila : _bRex Book Store, _c1998. |
||
| 300 |
_axvii. 107 p. ; _c28 cm. |
||
| 650 | _aWriting | ||
| 942 |
_2lcc _cBK |
||
| 999 |
_c3150 _d3150 |
||